El arte sumerio

Saved in:
Bibliographic Details
Main Author: Parrot, André (autor)
Format: Book
Language:Spanish
Published: Ciudad de México Hermes 1969
Series:Colección Unesco-Hermes Bolsilibros de Arte
Subjects:
Tags: Add Tag
No Tags, Be the first to tag this record!

MARC

LEADER 00000nam a2200000 a 4500
001 UCO1828
003 CL-VaPUC
008 000519e19690000MX |||||||||||||||||spa|d
082 0 4 |a 709.013  |b PAR  |2 21 
100 |a Parrot, André  |e autor  |9 576424 
245 1 3 |a El arte sumerio 
300 |a 24 p 
942 |c BK 
945 |d 20000519 00:00:00  |a rbrito 
260 |a Ciudad de México  |b Hermes  |c 1969 
650 0 |a Arte sumerio  |9 329933 
650 0 |a Arte antiguo  |9 330766 
651 0 |a Mesopotamia  |9 314286 
651 7 |a BABILONIA  |2 CL-VaPUC  |9 322408 
583 |a last modification  |c 20000519 00:00:00  |k Rodrigo Vera 
490 0 |a Colección Unesco-Hermes Bolsilibros de Arte 
999 |c 288421  |d 288419 
952 |0 0  |1 0  |4 0  |6 709_013000000000000_PAR_1969  |7 0  |8 P  |9 336090  |a BIBARQ  |b BIBARQ  |d 2019-11-20  |i 3620727  |l 5  |o 709.013 PAR 1969  |p 3620727  |r 2025-01-20  |s 2024-08-12  |w 2019-11-20  |y BK  |k ARQ